000 01309nam a2200337 i 4500
003 EG-GICUC
005 20260121153938.0
008 251204s1996 ua ||||f |||| 00| 0 ara d
017 _a95/11602
020 _a977-04-1588
040 _a EG-GICUC
_bara
_c EG-GICUC
_d EG-GICUC
_erda
041 _aara
082 0 4 _221
_a345.25
_bم ح . ن
092 0 4 _221
099 _aLaw1 07 345.25 م ح . ن 1 ed - 1996
100 0 _aمحمد صلاح عبد البديع السيد
_eمؤلف.
245 _aنظام الإدارة المحلية في مصر بين النظرية و التطبيق \
_cدكتور محمد صلاح عبد البديع السيد.
250 _aالطبعة الأولي
264 1 _aالقاهرة :
_bدار النهضة العربية،
_c1996.
300 _a306 صفحة ؛
_c24 سم
336 _2rda content
_atext
337 _2rda media
_aComputer
338 _2rda carrier
_aOnline Resource
504 _a. 302-295ببليوجرافيا: صفحات.
546 _aالنص أغلبه باللغة العربية بعض النصوص الإنجليزية والفرنسية
650 1 _aالقانون الإداري
_2qrmak
651 1 _2qrmak
856 4 0 _uhttps://fll.law.cu.edu.eg/fulltext/bks/B07-00949.pdf
905 _a74
_eYara
942 _2ddc
_n0
_cBK
_e21
999 _c48425
_d48425